{"text_format":"1","workbook":"xlsx","n_sheets":10,"sheets":["1ª MEDIÇÃO","2ª MEDIÇÃO","3ª MEDIÇÃO","4ª MEDIÇÃO","5ª MEDIÇÃO","6ª MEDIÇÃO","7ª MEDIÇÃO","8ª MEDIÇÃO","9ª MEDIÇÃO","PLANILHA SINTÉTICA"],"not_rendered":{"charts":0,"images":2,"macros":1,"external_links":12,"defined_names":1440,"comments":0,"pivot_tables":0},"unopened":[],"bounds":{"document_bytes":16777216,"sheet_cells":100000,"rows_first":2000,"rows_last":500,"rows_between":2000,"halvings":0,"cell_chars":16384,"cell_head_chars":4096},"cells_cut":0,"cells_raw":0,"read":"whole","date_system":"1900"}

{"sheet":"1ª MEDIÇÃO","index":0,"n_rows":4,"n_cols":10,"rows_kept":4,"cut":false,"hidden":true,"merged":[[0,0,0,8],[1,0,1,8],[2,0,2,8]]}
["TRIBUNAL DE JUSTIÇA DE PERNAMBUCO"]
[{"$f":"#REF!","v":{"$error":"#REF!"}}]
["MEMÓRIA DE CALCULO - 1ª MEDIÇÃO"]
["ITEM","DESCRIÇÃO","QUANT.","LARG.","COMP.","ALT.","TAXA","TOTAL","UNID","MEMORIAL FOTOGRÁFICO"]

{"sheet":"2ª MEDIÇÃO","index":1,"n_rows":4,"n_cols":10,"rows_kept":4,"cut":false,"hidden":true,"merged":[[0,0,0,8],[1,0,1,8],[2,0,2,8]]}
["TRIBUNAL DE JUSTIÇA DE PERNAMBUCO"]
[{"$f":"#REF!","v":{"$error":"#REF!"}}]
["MEMÓRIA DE CALCULO - 2ª MEDIÇÃO"]
["ITEM","DESCRIÇÃO","QUANT.","LARG.","COMP.","ALT.","TAXA","TOTAL","UNID","MEMORIAL FOTOGRÁFICO"]

{"sheet":"3ª MEDIÇÃO","index":2,"n_rows":4,"n_cols":10,"rows_kept":4,"cut":false,"hidden":true,"merged":[[0,0,0,8],[1,0,1,8],[2,0,2,8]]}
["TRIBUNAL DE JUSTIÇA DE PERNAMBUCO"]
[{"$f":"#REF!","v":{"$error":"#REF!"}}]
["MEMÓRIA DE CALCULO - 3ª MEDIÇÃO"]
["ITEM","DESCRIÇÃO","QUANT.","LARG.","COMP.","ALT.","TAXA","TOTAL","UNID","MEMORIAL FOTOGRÁFICO"]

{"sheet":"4ª MEDIÇÃO","index":3,"n_rows":4,"n_cols":10,"rows_kept":4,"cut":false,"hidden":true,"merged":[[0,0,0,8],[1,0,1,8],[2,0,2,8]]}
["TRIBUNAL DE JUSTIÇA DE PERNAMBUCO"]
[{"$f":"#REF!","v":{"$error":"#REF!"}}]
["MEMÓRIA DE CALCULO - 4ª MEDIÇÃO"]
["ITEM","DESCRIÇÃO","QUANT.","LARG.","COMP.","ALT.","TAXA","TOTAL","UNID","MEMORIAL FOTOGRÁFICO"]

{"sheet":"5ª MEDIÇÃO","index":4,"n_rows":4,"n_cols":10,"rows_kept":4,"cut":false,"hidden":true,"merged":[[0,0,0,8],[1,0,1,8],[2,0,2,8]]}
["TRIBUNAL DE JUSTIÇA DE PERNAMBUCO"]
[{"$f":"#REF!","v":{"$error":"#REF!"}}]
["MEMÓRIA DE CALCULO - 5ª MEDIÇÃO"]
["ITEM","DESCRIÇÃO","QUANT.","LARG.","COMP.","ALT.","TAXA","TOTAL","UNID","MEMORIAL FOTOGRÁFICO"]

{"sheet":"6ª MEDIÇÃO","index":5,"n_rows":4,"n_cols":10,"rows_kept":4,"cut":false,"hidden":true,"merged":[[0,0,0,8],[1,0,1,8],[2,0,2,8]]}
["TRIBUNAL DE JUSTIÇA DE PERNAMBUCO"]
[{"$f":"#REF!","v":{"$error":"#REF!"}}]
["MEMÓRIA DE CALCULO - 6ª MEDIÇÃO"]
["ITEM","DESCRIÇÃO","QUANT.","LARG.","COMP.","ALT.","TAXA","TOTAL","UNID","MEMORIAL FOTOGRÁFICO"]

{"sheet":"7ª MEDIÇÃO","index":6,"n_rows":4,"n_cols":10,"rows_kept":4,"cut":false,"hidden":true,"merged":[[0,0,0,8],[1,0,1,8],[2,0,2,8]]}
["TRIBUNAL DE JUSTIÇA DE PERNAMBUCO"]
[{"$f":"#REF!","v":{"$error":"#REF!"}}]
["MEMÓRIA DE CALCULO - 7ª MEDIÇÃO"]
["ITEM","DESCRIÇÃO","QUANT.","LARG.","COMP.","ALT.","TAXA","TOTAL","UNID","MEMORIAL FOTOGRÁFICO"]

{"sheet":"8ª MEDIÇÃO","index":7,"n_rows":4,"n_cols":10,"rows_kept":4,"cut":false,"hidden":true,"merged":[[0,0,0,8],[1,0,1,8],[2,0,2,8]]}
["TRIBUNAL DE JUSTIÇA DE PERNAMBUCO"]
[{"$f":"#REF!","v":{"$error":"#REF!"}}]
["MEMÓRIA DE CALCULO - 8ª MEDIÇÃO"]
["ITEM","DESCRIÇÃO","QUANT.","LARG.","COMP.","ALT.","TAXA","TOTAL","UNID","MEMORIAL FOTOGRÁFICO"]

{"sheet":"9ª MEDIÇÃO","index":8,"n_rows":4,"n_cols":10,"rows_kept":4,"cut":false,"hidden":true,"merged":[[0,0,0,8],[1,0,1,8],[2,0,2,8]]}
["TRIBUNAL DE JUSTIÇA DE PERNAMBUCO"]
[{"$f":"#REF!","v":{"$error":"#REF!"}}]
["MEMÓRIA DE CALCULO - 9ª MEDIÇÃO"]
["ITEM","DESCRIÇÃO","QUANT.","LARG.","COMP.","ALT.","TAXA","TOTAL","UNID","MEMORIAL FOTOGRÁFICO"]

{"sheet":"PLANILHA SINTÉTICA","index":9,"n_rows":38,"n_cols":7,"rows_kept":38,"cut":false,"hidden":false,"merged":[[6,5,6,6],[0,7,0,8],[1,7,1,8],[2,7,2,8],[0,0,0,3],[0,5,0,6],[1,0,2,3],[1,5,1,6],[2,5,2,6],[37,0,37,5],[3,7,3,8],[4,7,4,8],[7,5,7,6],[7,4,8,4],[7,0,8,0],[7,2,8,2],[7,3,8,3],[7,1,8,1],[5,7,5,8],[6,7,6,8],[3,0,4,3],[3,5,3,6],[4,5,4,6],[5,0,6,3],[5,5,5,6]]}
["PODER JUDICIÁRIO",null,null,null,"Obra:","Impermeabilização da Laje da Coberta no Prédio do Data Center de Camaragibe"]
["TRIBUNAL DE JUSTIÇA DE PERNAMBUCO",null,null,null,"Local:","Rua Tenente Arnaldo, Sn, Timbi, Camaragibe."]
[null,null,null,null,"Contrato:","131/2022 -TJPE"]
["DIRETORIA DE ENGENHARIA E ARQUITETURA",null,null,null,"Situação:","Encerrada"]
[null,null,null,null,"Contratada:","CAMARÁ ENGENHARIA EIRELI"]
["QUANTITATIVOS E PREÇOS CONTRATADOS",null,null,null,"Valor Total:",{"$f":"G38","v":144181.74}]
[null,null,null,null,"DATA:","2023-06-17"]
["ITEM","Cód. Efisco","DESCRIÇÃO","UN","QUANT. TOTAL","TOTAL"]
[null,null,null,null,null,"P. UNIT","P. TOTAL"]
["1.0",null,"INSTALAÇÃO DA OBRA / ADMINISTRAÇÃO LOCAL DA OBRA "]
["1.1","439519-0","ART para execução de obra","UND",1,205.16,{"$f":"ROUND(E11*F11,2)","v":205.16}]
["1.2","314578-6","Mobilização de obra ( pessoal, máquinas e equipamentos).","UND",1,1144.98,1144.98]
["1.3","401010-8","Administração local pelo período da obra","UND/MÊS",3,10443.040000000001,31329.119999999999]
["1.4","501875-7","Placa de obra em lona plástica impressão digital alta resolução com acabamento em ilhós, fixação em abraçadeiras de nylon, estrutura em ferro galvanizado.","M²",3,350.3,1050.9000000000001]
["1.5","203689-4","Fornecimento e fixação de tapume de chapa de madeira compensada, e=6mm, reaproveitamento de 2x, sem danificar o piso existente no local.","M²",50,89.72,4486]
["2.0",null,"SERVIÇOS PRELIMINARES",null,null,null,0]
["2.1","334488-6","Retirada de manta aluminizada","M²",524.70000000000005,6.41,3363.33]
["2.2","527844-9","Demolição de revestimento cerâmico, de forma manual, sem reaproveitamento.","M²",25.61,16.350000000000001,418.72]
["2.3","496196-0","Demolição de argamassas, de forma manual, sem reaproveitamento.","M²",25.61,2.59,66.33]
["2.4","429464-5","Rasgo em alvenaria para ancoragem da manta de impermeabilização nas paredes.","M",85.36,5.16,440.46]
["2.5","504385-9","Transporte vertical de entulhos","M³",3.77,73.5,277.10000000000002]
["2.6","528880-0","Transporte horizontal com jerica de 60 l, de massa/ granel.","M³XKM",0.04,1530.28,61.21]
["2.7","553633-2","Aluguel de Caçamba estacionária com até 6m³ com destinação final de resíduos sólidos.","UND",3,372.74,1118.22]
["2.8","465159-6","Taxa de descarte de resíduos da construção civil.","T",5.65,35.08,198.2]
["3.0",null,"IMPERMEABILIZAÇÃO",null,null,null,0]
["3.1","435539-3 ","Regularização com argamassa de cimento e Areia no traço 1:4, com 2,0 cm de espessura.(Parede da Platibanda, meia cana,rasgos)","M²",28.17,37.5,1056.3800000000001]
["3.2","407525-0","Limpeza de superfície com jato de alta pressão.","M²",524.70000000000005,1.64,860.51]
["3.3","431647-9","Impermeabilização de superfície com manta asfáltica, uma camada, inclusive aplicação de primer asfáltico, e=4mm.","M²",524.70000000000005,89.59,47007.87]
["3.4","568642-3","Fornecimento e aplicação de camada separadora de filme de polietileno de 25 micra.","M²",496.53,12.96,6435.03]
["3.5","485083-1","Execução de piso em concreto fck=20 mpa sobre laje, com 5cm de espessura, polimento mecanizado, incluindo endurecedor mineral, fibra de polipropileno e junta de dilatação plástica para piso (altura 17mm x espessura 3mm).","M²",496.53,77.55,38505.9]
["4.0",null,"REVESTIMENTO",null,null,null,0]
["4.1","432314-9","Emboço ou massa única em argamassa traço 1:2:8, preparo mecânico com betoneira 400 l, aplicada manualmente em panos cegos de fachada (sem presença de vãos), espessura de 25 mm. af_06/2014","M²",28.17,33.04,930.74]
["4.2","438775-9","Cerâmica 5x10cm Elizabeth ou equivalente, linha Lux, tipo A, na cor neve, (paredes externas) assentadas com argamassa colante AC III Quartzolit ou equivalente e rejuntadas com argamassa de rejuntamento flexível Quartzolit ou equivalente.","M²",28.17,73.94,2082.89]
["5.0",null,"LIMPEZA FINAL / DESMOBILIZAÇÃO",null,null,null,0]
["5.1","431654-1","Limpeza Geral da Obra","M²",496.53,2.44,1211.53]
["5.2","314578-6","Desmobilização da obra (pessoal, máquinas e equipamentos).","UND",1,1167.1600000000001,1167.1600000000001]
["5.3","411549-0","Retirada do tapume em madeira existente.","M²",50,15.28,764]
["TOTAL DA OBRA",null,null,null,null,null,{"$f":"SUM(G11:G37)","v":144181.74}]